[Event "Rochefort op 3rd"]
[Site "Rochefort"]
[Date "2004.02.24"]
[Round "5"]
[White "Blanchard, Jacques"]
[Black "Vidalinc, Jean Louis"]
[Result "1-0"]
[WhiteElo "1630"]
[BlackElo "2040"]
[PlyCount "63"]
[EventDate "2004.02.21"]
[EventType "swiss"]
[EventRounds "7"]
[EventCountry "FRA"]
[SourceTitle "EXT 2005"]
[Source "ChessBase"]
[SourceDate "2004.11.15"]
[SourceVersion "1"]
[SourceVersionDate "2004.11.15"]
[SourceQuality "1"]

1. e4 c6 2. d4 d5 3. e5 c5 4. c3 Nc6 5. Bb5 Bd7 6. Nf3 e6 7. 0-0 Nxe5 8. dxe5 Bxb5 9. Re1 Ne7 10. a4 Bc6 11. Bg5 h6 12. Bh4 Qc7 13. h3 Nf5 14. Nbd2 g5 15. Bg3 Nxg3 16. fxg3 Bg7 17. Qc2 0-0-0 18. b4 b6 19. b5 Bb7 20. a5 Kd7 21. axb6 axb6 22. c4 Ra8 23. Rad1 Ke7 24. g4 Ra7 25. Nf1 Rha8 26. cxd5 Bxd5 27. Rxd5 Ra2 28. Qh7 exd5 29. Qxg7 Ke6 30. Qf6+ Kd7 31. e6+ Kc8 32. exf7 1-0